000 00298nam a22001337a 4500
008 170201b xxu||||| |||| 00| 0 eng d
020 _a000307777453
041 _aeng
080 _a61
100 _a3
101 _aSHM
245 _aDIRECTIONS THE OF COMUNICATION
_cGRUMPERZ .J.J
942 _2udc
_cBK
999 _c4209
_d4209